MARC details
| 000 -CABECERA |
| campo de control de longitud fija |
03150cam a2200325 i 4500 |
| 001 - NÚMERO DE CONTROL |
| campo de control |
24168452 |
| 003 - IDENTIFICADOR DEL NÚMERO DE CONTROL |
| campo de control |
DLC |
| 005 - FECHA Y HORA DE LA ÚLTIMA TRANSACCIÓN |
| campo de control |
20260512145808.0 |
| 007 - CAMPO FIJO DE DESCRIPCIÓN FÍSICA--INFORMACIÓN GENERAL |
| campo de control de longitud fija |
t| |
| 008 - DATOS DE LONGITUD FIJA--INFORMACIÓN GENERAL |
| campo de control de longitud fija |
250321s2025 nyua b 001 0 eng d |
| 010 ## - NÚMERO DE CONTROL DE LA BIBLIOTECA DEL CONGRESO |
| Número de control de LC |
2025937097 |
| 020 ## - NÚMERO INTERNACIONAL ESTÁNDAR DEL LIBRO |
| Número Internacional Estándar del Libro |
9798217045631 |
| 035 ## - NÚMERO DE CONTROL DEL SISTEMA |
| Número de control de sistema |
(OCoLC)1510888933 |
| 040 ## - FUENTE DE LA CATALOGACIÓN |
| Centro catalogador/agencia de origen |
IG# |
| Lengua de catalogación |
eng |
| Normas de descripción |
rda |
| Centro/agencia transcriptor |
IG# |
| Centro/agencia modificador |
GO3 |
| -- |
OCLCO |
| -- |
NYP |
| -- |
OCLCO |
| -- |
DLC |
| -- |
DLC-MRC |
| -- |
DLC |
| 041 ## - CÓDIGO DE LENGUA |
| Código de lengua del texto/banda sonora o título independiente |
English |
| 042 ## - CÃDIGO DE AUTENTICACIÃN |
| Código de autenticación |
lccopycat |
| 050 00 - SIGNATURA TOPOGRÁFICA DE LA BIBLIOTECA DEL CONGRESO |
| Número de clasificación |
HD57.7 |
| Número de documento/Ítem |
.S549 2025 |
| 100 ## - ENTRADA PRINCIPAL--NOMBRE DE PERSONA |
| Nombre de persona |
Sinek, Simon. |
| Término indicativo de función/relación |
author |
| Código de función |
aut |
| -- |
http://id.loc.gov/vocabulary/relators/aut |
| Número de control del registro de autoridad o número normalizado |
http://id.loc.gov/authorities/names/n2009034570 |
| URI de un objeto del mundo real |
http://id.loc.gov/rwo/agents/n2009034570 |
| 9 (RLIN) |
25925 |
| 245 10 - MENCIÓN DE TÍTULO |
| Título |
Start with why |
| Resto del título |
: how great leaders inspire everyone to take action |
| Mención de responsabilidad, etc. |
/ Simon Sinek. |
| 250 ## - MENCIÓN DE EDICIÓN |
| Mención de edición |
15th anniversary edition. |
| 250 ## - MENCIÓN DE EDICIÓN |
| Mención de edición |
Updated edition. |
| 264 #1 - PRODUCCIÓN, PUBLICACIÓN, DISTRIBUCIÓN, FABRICACIÓN Y COPYRIGHT |
| Producción, publicación, distribución, fabricación y copyright |
New York, NY : |
| Nombre del de productor, editor, distribuidor, fabricante |
Portfolio / Penguin, |
| Fecha de producción, publicación, distribución, fabricación o copyright |
2025. |
| 300 ## - DESCRIPCIÓN FÍSICA |
| Extensión |
xiv, 249 pages |
| Otras características físicas |
illustrations |
| Dimensiones |
22 cm |
| 500 ## - NOTA GENERAL |
| Nota general |
First published in hardcover as Start with why by Portfolio / Penguin in 2009. |
| 504 ## - NOTA DE BIBLIOGRAFÍA, ETC. |
| Nota de bibliografía, etc. |
Includes bibliographical references (pages 231-241) and index. |
| 505 ## - NOTA DE CONTENIDO CON FORMATO |
| Nota de contenido con formato |
Assume you know — Carrots and sticks — The golden circle — This is not opinion, this is biology — Clarity, discipline, and consistency — The emergence of trust — How a tipping point tips — Start with why, but know how — Know why. Know how. Then what? — Communication is not about speaking, it's about listening — When why goes fuzzy — Split happens — The origins of a why — The new competition. |
| 520 ## - SUMARIO, ETC. |
| Sumario, etc. |
In 2009, Simon Sinek ignited a movement to help people find a greater sense of purpose at work and added a new word to the lexicon of business: WHY. People and companies now regularly talk about their WHY. Sinek’s videos have been seen by over a billion people around the world, including more than 65 million who’ve watched his TED Talk based on Start With Why.<br/><br/>Sinek starts with a fundamental question: Why are some people and organizations more innovative, more influential and more profitable than others? Why do some command greater loyalty from customers and employees alike? Even among the successful, why are so few able to repeat their success over and over?<br/><br/>Start With Why shows that the leaders who’ve had the greatest influence in the world all think, act, and communicate the same way— and it’s the opposite of what everyone else does. <br/><br/>People like Martin Luther King Jr., Steve Jobs, and the Wright Brothers had little in common but they inspired people, not with WHAT they did…but with WHY they did it. <br/><br/>Sinek provides a new, easy to understand, framework that inspires people to build organizations and lead movements in a more powerful and effective way. And it all starts with WHY. <br/><br/>With a new foreword touching on the importance of holding onto our WHY in a distracted age, new examples, and original stories updated, this 15th anniversary edition celebrates a simple but transformative idea that has changed the way we think about leadership and legacy. |
| 650 #0 - PUNTO DE ACCESO ADICIONAL DE MATERIA--TÉRMINO DE MATERIA |
| Término de materia o nombre geográfico como elemento de entrada |
Leadership |
| Número de control del registro de autoridad o número normalizado |
http://id.loc.gov/authorities/subjects/sh85075480 |
| 9 (RLIN) |
2600 |
| 942 ## - ELEMENTOS DE ENTRADA AGREGADA (KOHA) |
| Fuente del sistema de clasificación o colocación |
Clasificación de Library of Congress |